000 00723nam a22001937a 4500
008 130819b xxu||||| |||| 00| 0 eng d
020 _a9-7801-9957-8726
082 _221 ed.
_a341.48
_bALS
100 _aAlston, Philip
245 _aInternational human rights : the successor to international human rights incontext :
_b law, politics and morals: text and materials
_c Philip Alston and Ryan Goodman
250 _a1 ed.
260 _aUSA :
_bOxford university press
_c2013
300 _axxxix, 1580 P. ;
_c25 cm.
500 _aIncludes Index
650 _a Human rights
650 _aInternational human rights : the successor to international human rights incontex
700 _a Goodman, Ryan
942 _2ddc
_cBK
999 _c5488
_d5488